000 00478nam a2200145Ia 4500
008 140611s9999 xx 000 0 und d
020 _a9787561912515
050 _aPL 1129.E5
_b.N532t 2012
245 _aNew practical Chinese reader :
_bText book /
260 _aChina :
_bBeijing Languge and Culture University Press,
_cc2012.
300 _a249 p. :
_bill. ;
_c27 cm.
650 _aChinese Language
_xReaders
650 _aChinese Language
_xStudy and Teachings
999 _c118418
_d118418